000 01745cam a22004934i 4500
003 PE-LiUPU
005 20250731173117.0
008 190717s1988 txu rb 000 0 spa d
020 _a0311110487
020 _a9780311110483
035 _a(Sirsi) a252322
040 _aPE-LiUPU
_bspa
_cPE-LiUPU
_erda
049 _aPRUA
082 0 4 _a268
_bA74
_220
100 1 _aArmstrong, Hayward,
_eautor.
245 1 0 _aBases para la educación cristiana /
_cHayward Armstrong.
250 _aPrimera edición.
264 1 _aEl Paso, Tx :
_bCasa Bautista de Publicaciones,
_c1988.
300 _a190 páginas ;
_c21 centímetros
336 _atext
_2rdacontent
337 _aunmediated
_2rdamedia
338 _avolume
_2rdacarrier
504 _aBibliografía: páginas 189-190.
505 0 _aBases bíblicas para la educación -- Bases históricas para la educación cristiana -- Bases socio-culturales y psicológicas para la educación cristiana -- Bases teológicas para la educación cristiana -- Bases organizacionales para un programa educativo en la iglesia.
526 _aSEG42
526 _aSEG41
526 _aSEG40
526 _aSEG39
526 _aP94
526 _aP87
526 _aP86
526 _aP85
526 _aP77
526 _aP76
526 _aP35
650 1 4 _aEducación cristiana
_xFilosifía.
650 2 4 _aEducacion cristiana
_xHistoria.
910 _adbm
_bjpc
_cjpc
_d20190717
942 _2ddc
_cBOOK
994 _aC0
_bPEPRU
596 _a1
999 _a268 A74
_wDEWEY
_c31550
_i80405
_f2022-3-1
_g2
_lCCODEBUL1
_mBUL
_p10.00
_r0
_sY
_tBOOK
_u2019-7-17
_xTEOLOGIA
_zP35
_0DONACION
_o.STAFF. Colección Teología
_d31550
980 _81
_gALBERTO SANCHEZ Responsable de Automatización